| 000 | 00970nam a22002537a 4500 | ||
|---|---|---|---|
| 999 |
_c8565 _d8565 |
||
| 003 | AR-CdUCM | ||
| 008 | 190325b ||||| |||| 00| 0 spa d | ||
| 040 |
_aMUNICIPALIDAD PROVINCIAL DEL CUSCO _cBIBLIOTECA MUNICIPAL DEL CUSCO |
||
| 082 |
_a828.8 / _bD73 |
||
| 100 |
_aDickens, Charles _9500 |
||
| 245 |
_aObras Inmortales : _bPapeles Postumos, Historia en dos ciudades / |
||
| 260 |
_aMadrid : _bE.D.A.F. _c1963. |
||
| 300 |
_axxi,1486 páginas ; _bilustraciones, viñetas, retrato, _c17 cm. |
||
| 440 |
_aObras Inmortales _923988 |
||
| 505 | _aContenido: Papeles póstumos del club Pckwick -- Historia en dos ciudades -- Canción en Navidad -- El secreto del ahorcado. | ||
| 650 |
_aReino Unido _923989 |
||
| 650 |
_aLiteratura inglesa _91015 |
||
| 650 |
_aCuentos ingleses _93018 |
||
| 650 |
_aSiglo XIX _9971 |
||
| 700 |
_aGanóse, María del Pilar (Traductora) _923990 |
||
| 700 |
_aSuárez, Manuel (Traductor) _923991 |
||
| 942 |
_2ddc _cLIBROS |
||
| 945 | _araen | ||